000 00504nam a2200193Ia 4500
008 230125s9999 xx 000 0 und d
020 _a81-203-2030-1
041 _aeng
082 _a005.133
_bARO
100 _aArora G
_9111593
245 _aMicrosoft C# professional projects
260 _c2002
_bPrentice Hall
_aNew Delhi
300 _a918p
500 _aC#;C programming
650 _aComputer Management
700 _aArora G & Aiaswamy B
_9111594
906 _b68
999 _c88507
_d88507